Vplyv technických rezerv na finančnú situáciu poisťovne habilitačná práca
Gespeichert in:
| 1. Verfasser: | |
|---|---|
| Körperschaft: | |
| Format: | Buch |
| Sprache: | Slowakisch |
| Veröffentlicht: |
Bratislava
2006
|
| Schlagworte: | |
| Tags: |
Keine Tags, Fügen Sie das erste Tag hinzu!
|
MARC
| LEADER | 00000nam$a2200000$$$4500 | ||
|---|---|---|---|
| 001 | 0054982 | ||
| 005 | 20240502071630.2 | ||
| 041 | 0 | |a slo | |
| 044 | |a SK | ||
| 245 | 1 | 0 | |a Vplyv technických rezerv na finančnú situáciu poisťovne |b habilitačná práca |c Eva Kafková |
| 264 | 1 | |a Bratislava |c 2006 | |
| 300 | |a 125 s. |e príl. habilitačná prednáška | ||
| 610 | 2 | 0 | |a rezervy technické |
| 610 | 2 | 0 | |a poisťovníctvo |
| 610 | 2 | 0 | |a trh finančný |
| 610 | 2 | 0 | |a Slovensko |
| 610 | 2 | 0 | |a Česko |
| 610 | 2 | 0 | |a ukazovatele makroekonomické |
| 610 | 2 | 0 | |a projekty |
| 610 | 2 | 0 | |a analýza finančná |
| 610 | 2 | 0 | |a ukazovatele |
| 100 | 1 | |a Kafková, Eva | |
| 710 | 2 | |a Národohospodárska fakulta EU. Katedra poisťovníctva | |